[Event "Mecklenburg VP LL1 0506"]
[Site "Mecklenburg VP"]
[Date "2006.02.19"]
[Round "7.7"]
[White "Brose, Marcel"]
[Black "Hoerhold, Martin"]
[Result "1/2-1/2"]
[WhiteElo "1553"]
[BlackElo "1361"]
[PlyCount "75"]
[EventDate "2005.10.23"]
[EventType "team"]
[EventRounds "9"]
[EventCountry "GER"]
[SourceTitle "EXT 2008"]
[Source "ChessBase"]
[SourceDate "2007.11.25"]
[SourceVersion "1"]
[SourceVersionDate "2007.11.25"]
[SourceQuality "1"]
[WhiteTeam "Torgelow"]
[BlackTeam "Neubrandenburg SG Eintracht II"]
[WhiteTeamCountry "GER"]
[BlackTeamCountry "GER"]

1. d4 Nf6 2. Nf3 g6 3. c4 Bg7 4. Nc3 0-0 5. e4 d6 6. Be2 Nbd7 7. 0-0 c5 8. d5 a6 9. Rb1 Rb8 10. a3 b5 11. cxb5 axb5 12. b4 cxb4 13. Rxb4 Qa5 14. Nd4 Bb7 15. Bxb5 Rfc8 16. Nb3 Qd8 17. Qd3 Rxc3 18. Qxc3 Nxd5 19. Qd2 Nxb4 20. Qxb4 Bxe4 21. Qxe4 Rxb5 22. Nd4 Nc5 23. Qe3 Bxd4 24. Qxd4 Qd7 25. Bh6 Ne6 26. Qa4 Qb7 27. Rc1 f6 28. Rc8+ Qxc8 29. Qxb5 g5 30. h4 Qc1+ 31. Kh2 Qf4+ 32. Kg1 Kf7 33. hxg5 fxg5 34. Qb1 Kg8 35. Qb8+ Kf7 36. Qb1 Kg8 37. Qb8+ Kf7 38. Qb1 1/2-1/2

[Event "Mecklenburg VP-ch U18"]
[Site "Greifswald"]
[Date "2004.02.08"]
[Round "3"]
[White "Brose, Marcel"]
[Black "Wree, Nico"]
[Result "1/2-1/2"]
[WhiteElo "1532"]
[BlackElo "1367"]
[PlyCount "126"]
[EventDate "2004.04.??"]
[EventType "swiss"]
[EventRounds "7"]
[EventCountry "GER"]
[SourceTitle "EXT 2005"]
[Source "ChessBase"]
[SourceDate "2004.11.15"]
[SourceVersion "1"]
[SourceVersionDate "2004.11.15"]
[SourceQuality "1"]

1. d4 d5 2. c4 e6 3. Nc3 Bb4 4. cxd5 exd5 5. Qc2 Ne7 6. Bf4 c6 7. Nf3 Bf5 8. Qb3 Qb6 9. e3 Nd7 10. Be2 Ng6 11. Bg3 0-0 12. 0-0 Ba5 13. Qxb6 Bxb6 14. Rfc1 Rac8 15. b4 Bc7 16. Bxc7 Rxc7 17. Nxd5 Rcc8 18. Nc3 Be6 19. a4 Nb6 20. a5 Nd5 21. Nxd5 Bxd5 22. Rc3 a6 23. Rac1 Rfe8 24. g3 f6 25. Nd2 Nf8 26. Nb3 Bxb3 27. Rxb3 g6 28. Rbc3 Rcd8 29. Bf3 f5 30. d5 cxd5 31. Rc7 Rd7 32. Rxd7 Nxd7 33. Bxd5+ Kf8 34. Bxb7 Rb8 35. Rc8+ Rxc8 36. Bxc8 Nb8 37. Kg2 Ke7 38. g4 fxg4 39. Bxg4 Nc6 40. Be2 Nxb4 41. Kg3 Kf6 42. Kf4 Nc6 43. Bxa6 Nxa5 44. h4 Nb3 45. e4 h6 46. e5+ Ke7 47. Bc4 Nc5 48. Ke3 Nd7 49. Ke4 Nc5+ 50. Kd4 Nd7 51. Bb5 Nf8 52. Bd3 Ke6 53. Ke4 Nd7 54. f4 Nc5+ 55. Kd4 Nb3+ 56. Kc3 Nc1 57. Kc2 Nxd3 58. Kxd3 Kd5 59. Ke3 g5 60. hxg5 hxg5 61. Kf3 gxf4 62. Kxf4 Ke6 63. Ke4 Ke7 1/2-1/2

[Event "Mecklenburg VP-ch U18"]
[Site "Greifswald"]
[Date "2004.02.07"]
[Round "2"]
[White "Ledovski, Alexander"]
[Black "Brose, Marcel"]
[Result "1-0"]
[WhiteElo "1771"]
[BlackElo "1532"]
[PlyCount "47"]
[EventDate "2004.04.??"]
[EventType "swiss"]
[EventRounds "7"]
[EventCountry "GER"]
[SourceTitle "EXT 2005"]
[Source "ChessBase"]
[SourceDate "2004.11.15"]
[SourceVersion "1"]
[SourceVersionDate "2004.11.15"]
[SourceQuality "1"]

1. d4 Nf6 2. c4 g6 3. Nc3 Bg7 4. e4 d6 5. f3 0-0 6. Be3 e5 7. d5 a5 8. Bd3 Na6 9. Nge2 b6 10. a3 Nc5 11. Bc2 Ne8 12. b4 axb4 13. axb4 Rxa1 14. Qxa1 Na6 15. Qa3 f5 16. Na4 fxe4 17. Bxe4 Qh4+ 18. Ng3 Nf6 19. 0-0 Nxe4 20. Nxe4 Bd7 21. Nxb6 Nxb4 22. Bg5 Qh5 23. Nxd7 Rf7 24. Ndf6+ 1-0